000 00600nam a2200157 4500
999 _c15466
_d15466
008 200527b ||||| |||| 00| 0 eng d
022 _a2094-8042
082 _aDPer 370.105 M72 June 2010-Mar 2011 v. 59 n. 1-10
100 _aPonce, Clarisse
_942222
245 _aBanghay-aralin sa araling panlipunan/
_cClarisse Ponce and Gina Martinez
260 _aPhilippines:
_bIn the Grade School, Inc.,
_cc2010-2011.
300 _av59 n4, pages 173-174:
_billustrations;
_c28 cm.
650 _aProgrammed instruction
_942161
_xAraling panlipunan.
700 _aMartinez, Gina
_eAuthor.
_942243
942 _2ddc
_cPER